00837nam a2200229 i 4500001000700000003000900007005001700016007000300033008004100036080001500077080001400092100003600106245012500142250001200267260003400279300004600313650004800359700003300407852002900440999001900469952011900488134362ES-MaACL20230906194646.0t|070910s1945 sp ||||1| spa d a616.72-001 a616.001-51 aWatson-Jones, Reginald.911620210aFracturas y traumatismos articulares / cpor Reginald Watson-Jones ; traducción del inglés por F. Doménech-Alsina. a1ª ed. aBarcelona : bSalvat, c1945. aXIX, 990 p., 98 lám. : bil. ; c26 cm.14aArticulaciones-xHeridas y lesiones.9103501 aDoménech-Alsina, F.945088 aES-MaACLjE-71 bR.21441 c134362d134362 00104070aATENEOMbATENEOMcDEPO2d2008-01-17eSCl0oE-71p1139859r2023-02-23 00:00:00w2023-02-23yMONOGRAFIA